[Event "22nd Hoogeveen Open 2018"]
[Site "Hoogeveen"]
[Date "2018.10.25"]
[Round "7"]
[White "Zwirs, Nico"]
[Black "Kuipers, Stefan"]
[Result "1/2-1/2"]
[WhiteElo "2410"]
[BlackElo "2467"]
[Annotator "TA"]
[PlyCount "86"]
[EventDate "2018.10.20"]
[EventType "swiss"]
[EventCountry "NED"]
[SourceTitle "playchess.com"]
[Source "ChessBase"]
[SourceQuality "1"]

{[%evp 16,86,-15,-12,-17,-21,-25,-35,-28,-44,-25,-81,-89,-78,-79,-83,-16,-37,-42,-36,-34,-82,-82,-124,-110,-120,-83,-83,-75,-89,-86,-87,-52,-75,-73,-66,-46,-60,-36,-39,-38,-77,-51,-36,-26,-91,-94,-106,-41,-41,-41,-41,-43,-43,-43,-287,-246,-252,-259,-269,-265,-191,-67,-67,-67,-350,-335,-291,0,0,0,0,0]} 1. c4 c6 2. e4 d5 3. exd5 Nf6 4. d4 cxd5 5. Nc3 g6 {[%cal Bg7g6,Bg6g5][%mdl 32]} 6. Qb3 Bg7 7. cxd5 O-O 8. Nge2 a5 {B14: Caro-Kann: Panov-Botvinnik Attack with 5...e6 and 5...g6} 9. Nf4 {LiveBook: 3 Games} g5 10. Nd3 a4 $1 {[%cal Ra4b3]} 11. Nxa4 Nxd5 {Hoping for ...Nc6.} 12. Nc3 e6 13. Nxd5 $146 (13. Ne5 $11 {keeps the balance.}) ({Predecessor:} 13. Be2 Nc6 14. Be3 Nxd4 15. Bxd4 Bxd4 16. O-O Nxc3 17. bxc3 {½-½ (43) Kobalia,M (2679)-Evdokimov,A (2561) Taganrog 2011}) 13... exd5 $17 14. Be3 Nc6 {[%cal Bb8c6,Bc6d4,Bd4e6][%mdl 32]} 15. Be2 Qa5+ (15... f5 $1 $17 {[%cal Rf5f4]} 16. g3 Nxd4 17. Bxd4 Bxd4) 16. Qc3 Nxd4 17. Qxa5 Rxa5 18. Bd1 Bf5 19. Kd2 Ne6 20. f3 Bxd3 21. Kxd3 Bxb2 22. Rb1 Bf6 {Strongly threatening ...d4.} 23. Bb3 d4 24. Bxe6 fxe6 25. Bd2 Ra4 26. Rxb7 Rxa2 27. Rc1 Rf7 28. Rcb1 Kg7 29. g4 Be7 30. Bb4 (30. R1b5 $11) 30... Bxb4 $1 ({Inferior is} 30... Rxf3+ 31. Kc4 $16 (31. Kxd4 Rf4+ 32. Kc3 Rxh2 $16)) 31. R1xb4 {[%mdl 4096] Endgame KRR-KRR} Ra3+ (31... e5 $17 32. Rxf7+ Kxf7 33. Rb7+ Ke6 34. Rxh7 Rf2) 32. Kxd4 $15 Raxf3 33. Ke5 Re3+ 34. Kd6 h6 35. Rxf7+ $2 ({White should play} 35. Rb3 $15 Rxb3 36. Rxb3) 35... Kxf7 {KR-KR} 36. Rb2 Re4 $1 37. h3 {[#]} Kf6 $1 38. Rd2 Rf4 (38... Ra4 $19 39. Rd3 Ra6+ 40. Kc5 Ke5) 39. Rd3 $1 Rf1 40. Rd2 $2 {[%mdl 8192]} ({Better is} 40. Kc5 $15) 40... Rf3 $19 41. Rd1 {[#]} Rxh3 $2 (41... h5 $1 $19 42. gxh5 Rxh3 43. Rf1+ Kg7 44. Kxe6 Kh6) 42. Rf1+ $11 Kg6 {...Rg3 is the strong threat.} 43. Ke7 $1 e5 {Precision: White = 46%, Black = 52%.} 1/2-1/2

[Event "22nd Hoogeveen Open 2018"]
[Site "Hoogeveen"]
[Date "2018.10.25"]
[Round "7"]
[White "Miedema, David"]
[Black "Blagojevic, Tijana"]
[Result "1-0"]
[WhiteElo "2379"]
[BlackElo "2232"]
[Annotator "ChessBase"]
[PlyCount "97"]
[EventDate "2018.10.20"]
[EventType "swiss"]
[EventCountry "NED"]
[SourceTitle "playchess.com"]
[Source "ChessBase"]
[SourceQuality "1"]
[TimeControl "40/5400+30:1800+30"]

1. d4 {[%emt 0:00:00]} d5 {[%emt 0:00:00]} 2. Nf3 {[%emt 0:00:00]} Nf6 {[%emt 0:00:00]} 3. Bf4 {[%emt 0:00:00]} c5 {[%emt 0:00:03]} 4. e3 {[%emt 0:00:32]} Nc6 {[%emt 0:04:10]} 5. Nbd2 {[%emt 0:00:07]} Qb6 {[%emt 0:00:35]} 6. dxc5 {[%emt 0:00:06]} Qxb2 {[%emt 0:00:04]} 7. Rb1 {[%emt 0:03:49]} Qc3 {[%emt 0:00:03]} 8. Be2 {[%emt 0:11:08]} e6 {[%emt 0:08:01]} 9. O-O {[%emt 0:00:00]} Be7 {[%emt 0:03:32]} 10. Rb5 {[%emt 0:02:52]} Ne4 {[%emt 0:08:13]} 11. Nxe4 {[%emt 0:01:44]} dxe4 {[%emt 0:00:05]} 12. Nd2 {[%emt 0:00:03]} f5 {[%emt 0:05:02]} 13. Nc4 {[%emt 0:00:30]} O-O {[%emt 0:05:06]} 14. Bd6 {[%emt 0:02:41]} Rd8 {[%emt 0:04:17]} 15. Rb3 {[%emt 0:19:48]} Qf6 {[%emt 0:04:05]} 16. f3 {[%emt 0:00:05]} exf3 {[%emt 0:09:08]} 17. Bxf3 {[%emt 0:00:13]} e5 {[%emt 0:01:12]} 18. Bd5+ {[%emt 0:05:55]} Kh8 {[%emt 0:00:04]} 19. Rd3 {[%emt 0:04:14]} Be6 {[%emt 0:04:02]} 20. e4 {[%emt 0:18:52]} f4 {[%emt 0:21:13]} 21. Qb1 {[%emt 0:00:45]} b6 {[%emt 0:07:46]} 22. Qb5 {[%emt 0:08:36]} Bxd5 {[%emt 0:01:38]} 23. exd5 {[%emt 0:02:21]} Bxd6 {[%emt 0:00:28]} 24. Nxd6 {[%emt 0:00:47]} Nd4 {[%emt 0:00:52]} 25. Qc4 {[%emt 0:01:47]} bxc5 {[%emt 0:00:16]} 26. Nb7 {[%emt 0:01:00]} e4 {[%emt 0:02:45]} 27. Rh3 {[%emt 0:04:12]} Rdc8 {[%emt 0:08:20]} 28. c3 {[%emt 0:00:10]} Qb6 {[%emt 0:01:15]} 29. cxd4 {[%emt 0:00:57]} cxd4 {[%emt 0:00:06]} 30. Qb3 {[%emt 0:00:02]} d3+ {[%emt 0:00:21]} 31. Qxb6 {[%emt 0:00:03]} axb6 {[%emt 0:00:02]} 32. Nd6 {[%emt 0:00:05]} Rc2 {[%emt 0:01:03]} 33. Nxe4 {[%emt 0:00:26]} Raxa2 {[%emt 0:00:29]} 34. Nf2 {[%emt 0:00:28]} d2 {[%emt 0:00:15]} 35. Rd3 {[%emt 0:00:04]} Rc1 {[%emt 0:00:54]} 36. Nd1 {[%emt 0:00:03]} g5 {[%emt 0:00:14]} 37. d6 {[%emt 0:00:05]} Rc8 {[%emt 0:00:01]} 38. Rf2 {[%emt 0:01:23]} Kg7 {[%emt 0:00:04]} 39. Rfxd2 {[%emt 0:00:09]} Rxd2 {[%emt 0:00:02]} 40. Rxd2 {[%emt 0:00:04]} Kf6 {[%emt 0:00:27]} 41. Nc3 {[%emt 0:32:31]} Rd8 {[%emt 0:30:51]} 42. Rb2 {[%emt 0:05:37]} Ke5 {[%emt 0:02:07]} 43. Rxb6 {[%emt 0:00:16]} g4 {[%emt 0:00:03]} 44. Rb5+ {[%emt 0:02:33]} Kd4 {[%emt 0:00:45]} 45. Ne2+ {[%emt 0:00:05]} Ke4 {[%emt 0:00:32]} 46. Kf2 {[%emt 0:01:55]} f3 {[%emt 0:01:40]} 47. Ng3+ {[%emt 0:00:19]} Kd3 {[%emt 0:00:20]} 48. gxf3 {[%emt 0:00:14]} gxf3 {[%emt 0:00:07]} 49. Rd5+ {[%emt 0:00:06]} 1-0

[Event "22nd Hoogeveen Open 2018"]
[Site "Hoogeveen"]
[Date "2018.10.25"]
[Round "7"]
[White "Baskin, Robert"]
[Black "Ojas Kulkarni"]
[Result "1/2-1/2"]
[WhiteElo "2348"]
[BlackElo "2254"]
[Annotator "NA"]
[PlyCount "40"]
[EventDate "2018.10.20"]
[EventType "swiss"]
[EventCountry "NED"]
[SourceTitle "playchess.com"]
[Source "ChessBase"]
[SourceQuality "1"]
[TimeControl "40/5400+30:1800+30"]

{[%evp 8,40,54,55,60,32767,32767,32767,32767,32767,32767,32767,62,36,70,33,50,-10,0,18,0,0,6,-59,0,32767,32767,32767,32767,-54,-50,-48,0,32767,-191]} 1. d4 {[%emt 0:00:53]} Nf6 {[%emt 0:00:00]} 2. c4 {[%emt 0:00:09]} b6 {[%emt 0:01:35]} 3. Nc3 {[%emt 0:01:18]} Bb7 {[%emt 0:00:07]} 4. Qc2 {[%emt 0:00:45]} g6 {[%emt 0:04:18] A50: Queen's Fianchetto Defence (1 d4 Nf6 2 c4 b6)} (4... d5 5. cxd5 Nxd5 6. Nf3 Nxc3 7. bxc3 g6 8. e4 Bg7 9. Bb5+ c6 10. Be2 O-O 11. O-O Nd7 12. Bg5 Re8 13. Rad1 Qc7 14. e5 {1-0 (53) Paravyan,D (2629)-Gordievsky,D (2615) Moscow 2018}) 5. e4 {[%emt 0:02:01] LiveBook: 7 Games} Bg7 {[%emt 0:00:17]} 6. Be2 {[%emt 0:07:57]} d6 {[%emt 0:01:45]} 7. Be3 {[%emt 0:00:49]} c5 $146 {[%emt 0:03:41]} ({Predecessor:} 7... Nbd7 8. Nf3 O-O 9. Nd2 e5 10. d5 Qe7 {1-0 (52) Saint,A (1804)-Dizdarevic,M (1912) Melbourne 2010}) 8. d5 {[%emt 0:00:38]} O-O {[%emt 0:00:08]} 9. g4 {[%emt 0:07:26]} e6 {[%emt 0:02:26]} 10. g5 {[%emt 0:00:41]} Ne8 {[%emt 0:01:56]} 11. h4 {[%emt 0:00:37]} exd5 {[%emt 0:10:26]} 12. exd5 {[%emt 0:00:10]} (12. cxd5 $16 Na6 13. h5) 12... Nc7 {[%emt 0:10:27]} 13. h5 {[%emt 0:03:53]} b5 {[%emt 0:02:22]} 14. O-O-O {[%emt 0:04:45]} bxc4 {[%emt 0:01:19]} 15. hxg6 {[%emt 0:10:27]} (15. Qe4 $1 $11) 15... hxg6 {[%emt 0:00:32]} 16. f4 {[%emt 0:13:00]} Re8 {[%emt 0:05:28]} 17. Bf2 {[%emt 0:01:07]} Bc8 {[%emt 0:09:05]} 18. Bxc4 {[%emt 0:03:39]} Nd7 {[%emt 0:00:23]} 19. Bd3 {[%emt 0:05:14]} Nb6 {[%emt 0:04:40]} 20. Be4 {[%emt 0:11:29]} Rb8 $19 {[%emt 0:03:50]} 1/2-1/2

[Event "22nd Hoogeveen Open 2018"]
[Site "Hoogeveen"]
[Date "2018.10.25"]
[Round "7"]
[White "Bertholee, Rob"]
[Black "Dev, Shah"]
[Result "1-0"]
[WhiteElo "2334"]
[BlackElo "2146"]
[Annotator "ChessBase"]
[PlyCount "109"]
[EventDate "2018.10.20"]
[EventType "swiss"]
[EventCountry "NED"]
[SourceTitle "playchess.com"]
[Source "ChessBase"]
[SourceQuality "1"]
[TimeControl "40/5400+30:1800+30"]

1. c4 {[%emt 0:00:00]} c6 {[%emt 0:00:59]} 2. e4 {[%emt 0:00:00]} d5 {[%emt 0:00:11]} 3. exd5 {[%emt 0:00:00]} cxd5 {[%emt 0:00:06]} 4. d4 {[%emt 0:00:00]} Nf6 {[%emt 0:01:50]} 5. Nc3 {[%emt 0:00:03]} Nc6 {[%emt 0:00:35]} 6. Bg5 {[%emt 0:02:24]} Ne4 {[%emt 0:12:38]} 7. Nxe4 {[%emt 0:02:33]} dxe4 {[%emt 0:00:13]} 8. d5 {[%emt 0:00:17]} Nb8 {[%emt 0:02:14]} 9. Qd4 {[%emt 0:04:41]} Bf5 {[%emt 0:01:12]} 10. Ne2 {[%emt 0:01:29]} f6 {[%emt 0:01:14]} 11. Be3 {[%emt 0:32:44]} e5 {[%emt 0:01:12]} 12. Qd2 {[%emt 0:07:09]} Na6 {[%emt 0:05:30]} 13. a3 {[%emt 0:00:21]} Rc8 {[%emt 0:02:15]} 14. b4 {[%emt 0:02:52]} Bg6 {[%emt 0:12:35]} 15. Nc3 {[%emt 0:05:44]} f5 {[%emt 0:06:27]} 16. Bg5 {[%emt 0:07:13]} Be7 {[%emt 0:03:09]} 17. Bxe7 {[%emt 0:00:09]} Qxe7 {[%emt 0:00:06]} 18. d6 {[%emt 0:00:33]} Qf7 {[%emt 0:03:01]} 19. Nd5 {[%emt 0:03:50]} Nb8 {[%emt 0:03:00]} 20. c5 {[%emt 0:00:41]} Nc6 {[%emt 0:00:46]} 21. Bb5 {[%emt 0:00:19]} f4 {[%emt 0:01:16]} 22. Ne7 {[%emt 0:03:43]} Kd7 {[%emt 0:01:22]} 23. Bxc6+ {[%emt 0:02:03]} bxc6 {[%emt 0:01:02]} 24. O-O {[%emt 0:08:57]} Qe6 {[%emt 0:04:25]} 25. f3 {[%emt 0:03:46]} exf3 {[%emt 0:03:45]} 26. Rxf3 {[%emt 0:00:06]} Rcf8 {[%emt 0:05:18]} 27. Re1 {[%emt 0:01:23]} Bh5 {[%emt 0:01:20]} 28. Rf2 {[%emt 0:00:32]} f3 {[%emt 0:01:33]} 29. Qg5 {[%emt 0:02:50]} g6 {[%emt 0:02:19]} 30. Rxe5 {[%emt 0:02:25]} Qb3 {[%emt 0:03:21]} 31. Re1 {[%emt 0:02:56]} Qc3 {[%emt 0:02:20]} 32. Qd2 {[%emt 0:00:39]} Qxd2 {[%emt 0:03:15]} 33. Rxd2 {[%emt 0:00:00]} fxg2 {[%emt 0:00:02]} 34. Kxg2 {[%emt 0:00:59]} a6 {[%emt 0:00:58]} 35. Rf1 {[%emt 0:00:55]} Rxf1 {[%emt 0:01:02]} 36. Kxf1 {[%emt 0:00:01]} Rf8+ {[%emt 0:00:01]} 37. Rf2 {[%emt 0:00:01]} Rxf2+ {[%emt 0:00:45]} 38. Kxf2 {[%emt 0:00:02]} g5 {[%emt 0:02:08]} 39. Ke3 {[%emt 0:00:06]} Bf7 {[%emt 0:00:26]} 40. Ke4 {[%emt 0:00:17]} Be6 {[%emt 0:00:11]} 41. Ke5 {[%emt 0:30:19]} Bh3 {[%emt 0:30:29]} 42. Kf6 {[%emt 0:00:17]} g4 {[%emt 0:00:12]} 43. Kg5 {[%emt 0:00:33]} Bf1 {[%emt 0:00:56]} 44. Kxg4 {[%emt 0:00:10]} Bd3 {[%emt 0:00:04]} 45. Kg5 {[%emt 0:00:23]} Bc2 {[%emt 0:00:06]} 46. h4 {[%emt 0:00:14]} Bb1 {[%emt 0:00:06]} 47. h5 {[%emt 0:00:16]} Be4 {[%emt 0:00:06]} 48. Kf6 {[%emt 0:00:14]} Bf3 {[%emt 0:00:09]} 49. h6 {[%emt 0:00:06]} Be4 {[%emt 0:00:05]} 50. Ng8 {[%emt 0:00:36]} Bg6 {[%emt 0:00:22]} 51. Kg7 {[%emt 0:00:07]} Ke6 {[%emt 0:00:05]} 52. Nf6 {[%emt 0:00:06]} Bf5 {[%emt 0:00:08]} 53. Nxh7 {[%emt 0:00:09]} Bxh7 {[%emt 0:00:08]} 54. Kxh7 {[%emt 0:00:07]} Kf7 {[%emt 0:00:03]} 55. a4 {[%emt 0:00:10]} 1-0

[Event "22nd Hoogeveen Open 2018"]
[Site "Hoogeveen"]
[Date "2018.10.25"]
[Round "7"]
[White "De Jong, Migchiel"]
[Black "Sparenberg, Erik"]
[Result "1-0"]
[WhiteElo "2309"]
[BlackElo "2224"]
[Annotator "ChessBase"]
[PlyCount "71"]
[EventDate "2018.10.20"]
[EventType "swiss"]
[EventCountry "NED"]
[SourceTitle "playchess.com"]
[Source "ChessBase"]
[SourceQuality "1"]
[TimeControl "40/5400+30:1800+30"]

1. c4 {[%emt 0:00:00]} Nf6 {[%emt 0:00:00]} 2. d4 {[%emt 0:00:00]} c6 {[%emt 0:00:26]} 3. Nf3 {[%emt 0:00:42]} d5 {[%emt 0:00:02]} 4. Nc3 {[%emt 0:00:51]} e6 {[%emt 0:00:58]} 5. e3 {[%emt 0:00:47]} Nbd7 {[%emt 0:00:30]} 6. Qc2 {[%emt 0:01:12]} Be7 {[%emt 0:00:40]} 7. Bd3 {[%emt 0:01:34]} dxc4 {[%emt 0:00:47]} 8. Bxc4 {[%emt 0:00:11]} b5 {[%emt 0:00:07]} 9. Be2 {[%emt 0:01:15]} Bb7 {[%emt 0:00:11]} 10. O-O {[%emt 0:01:16]} a6 {[%emt 0:08:46]} 11. e4 {[%emt 0:07:23]} c5 {[%emt 0:04:05]} 12. d5 {[%emt 0:05:12]} exd5 {[%emt 0:02:16]} 13. Nxd5 {[%emt 0:01:31]} Nxd5 {[%emt 0:11:21]} 14. exd5 {[%emt 0:00:07]} Bxd5 {[%emt 0:04:18]} 15. Rd1 {[%emt 0:00:13]} Be6 {[%emt 0:00:33]} 16. Ne5 {[%emt 0:02:24]} Qc7 {[%emt 0:16:36]} 17. Qe4 {[%emt 0:04:48]} Rc8 {[%emt 0:05:35]} 18. Bf4 {[%emt 0:04:43]} Nf6 {[%emt 0:07:28]} 19. Qf3 {[%emt 0:00:29]} Qb6 {[%emt 0:01:27]} 20. a4 {[%emt 0:00:23]} c4 {[%emt 0:05:46]} 21. a5 {[%emt 0:06:14]} Qc5 {[%emt 0:00:22]} 22. Qb7 {[%emt 0:01:35]} O-O {[%emt 0:07:29]} 23. Bf3 {[%emt 0:00:26]} g5 {[%emt 0:06:42]} 24. Bg3 {[%emt 0:00:41]} Rc7 {[%emt 0:03:45]} 25. Qxa6 {[%emt 0:00:55]} g4 {[%emt 0:03:49]} 26. Nc6 {[%emt 0:03:01]} gxf3 {[%emt 0:03:52]} 27. Bxc7 {[%emt 0:00:10]} Ne4 {[%emt 0:02:54]} 28. Nxe7+ {[%emt 0:00:44]} Qxe7 {[%emt 0:00:12]} 29. Bg3 {[%emt 0:01:24]} fxg2 {[%emt 0:02:06]} 30. Qxb5 {[%emt 0:01:45]} Ng5 {[%emt 0:00:22]} 31. Ra3 {[%emt 0:07:04]} Rd8 {[%emt 0:00:41]} 32. Bd6 {[%emt 0:04:31]} Rxd6 {[%emt 0:00:50]} 33. Qb8+ {[%emt 0:00:20]} Kg7 {[%emt 0:00:46]} 34. Qxd6 {[%emt 0:00:08]} Qb7 {[%emt 0:00:46]} 35. Rg3 {[%emt 0:00:20]} h6 {[%emt 0:00:30]} 36. h4 {[%emt 0:01:31]} 1-0

[Event "22nd Hoogeveen Open 2018"]
[Site "Hoogeveen"]
[Date "2018.10.25"]
[Round "7"]
[White "De Boer, Eelke"]
[Black "Van Delft, Merijn"]
[Result "1-0"]
[WhiteElo "2285"]
[BlackElo "2381"]
[Annotator "ChessBase"]
[PlyCount "105"]
[EventDate "2018.10.20"]
[EventType "swiss"]
[EventCountry "NED"]
[SourceTitle "playchess.com"]
[Source "ChessBase"]
[SourceQuality "1"]
[TimeControl "40/5400+30:1800+30"]

1. e4 {[%emt 0:00:00]} c5 {[%emt 0:00:00]} 2. Nf3 {[%emt 0:00:00]} d6 {[%emt 0:00:00]} 3. d4 {[%emt 0:00:00]} cxd4 {[%emt 0:00:00]} 4. Nxd4 {[%emt 0:00:00]} Nf6 {[%emt 0:00:00]} 5. Nc3 {[%emt 0:00:00]} a6 {[%emt 0:00:00]} 6. Bg5 {[%emt 0:00:06]} Nbd7 {[%emt 0:00:22]} 7. Qe2 {[%emt 0:00:08]} Qa5 {[%emt 0:00:15]} 8. Bd2 {[%emt 0:00:18]} g6 {[%emt 0:00:52]} 9. g4 {[%emt 0:16:28]} Bg7 {[%emt 0:00:53]} 10. Nb3 {[%emt 0:09:58]} Qd8 {[%emt 0:01:24]} 11. Bg2 {[%emt 0:03:52]} O-O {[%emt 0:14:09]} 12. O-O-O {[%emt 0:06:28]} a5 {[%emt 0:07:02]} 13. Be3 {[%emt 0:07:21]} a4 {[%emt 0:04:44]} 14. Nd4 {[%emt 0:00:08]} a3 {[%emt 0:08:47]} 15. b3 {[%emt 0:01:17]} Qa5 {[%emt 0:04:55]} 16. Ncb5 {[%emt 0:15:11]} Nc5 {[%emt 0:11:28]} 17. Bd2 {[%emt 0:07:00]} Qb6 {[%emt 0:01:05]} 18. g5 {[%emt 0:01:37]} Nfxe4 {[%emt 0:09:03]} 19. Bxe4 {[%emt 0:06:21]} Nxe4 {[%emt 0:00:21]} 20. Qxe4 {[%emt 0:00:06]} e5 {[%emt 0:00:22]} 21. Be3 {[%emt 0:02:39]} exd4 {[%emt 0:00:33]} 22. Nxd4 {[%emt 0:00:05]} Qb4 {[%emt 0:10:29]} 23. Qd3 {[%emt 0:02:56]} Bg4 {[%emt 0:06:03]} 24. Qd2 {[%emt 0:06:51]} Qc5 {[%emt 0:05:02]} 25. f3 {[%emt 0:02:19]} Bh5 {[%emt 0:01:12]} 26. Qd3 {[%emt 0:04:31]} Rfe8 {[%emt 0:03:01]} 27. Rhe1 {[%emt 0:01:30]} Rac8 {[%emt 0:01:44]} 28. Kb1 {[%emt 0:02:43]} Qc3 {[%emt 0:09:04]} 29. Qxc3 {[%emt 0:00:51]} Rxc3 {[%emt 0:00:02]} 30. Bf2 {[%emt 0:01:03]} Rec8 {[%emt 0:00:38]} 31. Rd2 {[%emt 0:03:10]} Be5 {[%emt 0:00:49]} 32. h4 {[%emt 0:00:32]} Bxf3 {[%emt 0:01:03]} 33. Nb5 {[%emt 0:00:29]} R3c6 {[%emt 0:00:26]} 34. Na7 {[%emt 0:00:30]} Bc3 {[%emt 0:00:28]} 35. Nxc6 {[%emt 0:00:22]} Bxc6 {[%emt 0:00:18]} 36. Rxd6 {[%emt 0:00:23]} Bxe1 {[%emt 0:00:21]} 37. Bxe1 {[%emt 0:00:05]} Be4 {[%emt 0:00:13]} 38. Rd2 {[%emt 0:00:35]} f5 {[%emt 0:00:39]} 39. gxf6 {[%emt 0:00:39]} Kf7 {[%emt 0:00:10]} 40. Re2 {[%emt 0:00:54]} Bf5 {[%emt 0:00:53]} 41. Bb4 {[%emt 0:02:23]} Kxf6 {[%emt 0:01:29]} 42. Bxa3 {[%emt 0:04:51]} h6 {[%emt 0:03:30]} 43. Bb2+ {[%emt 0:00:55]} Kf7 {[%emt 0:00:09]} 44. Bc1 {[%emt 0:00:10]} g5 {[%emt 0:00:54]} 45. hxg5 {[%emt 0:00:18]} h5 {[%emt 0:00:07]} 46. Kb2 {[%emt 0:01:40]} h4 {[%emt 0:00:26]} 47. c4 {[%emt 0:00:21]} h3 {[%emt 0:00:19]} 48. Bf4 {[%emt 0:03:02]} Kg6 {[%emt 0:00:48]} 49. Re7 {[%emt 0:03:45]} b5 {[%emt 0:02:05]} 50. cxb5 {[%emt 0:02:15]} Rc2+ {[%emt 0:00:27]} 51. Ka3 {[%emt 0:00:12]} Rf2 {[%emt 0:00:18]} 52. b6 {[%emt 0:02:12]} Bc8 {[%emt 0:01:23]} 53. Bb8 {[%emt 0:01:28]} 1-0

[Event "22nd Hoogeveen Open 2018"]
[Site "Hoogeveen"]
[Date "2018.10.25"]
[Round "7"]
[White "Bluhm, Sonja Maria"]
[Black "Murray, David"]
[Result "1/2-1/2"]
[WhiteElo "2281"]
[BlackElo "2222"]
[Annotator "NA"]
[PlyCount "61"]
[EventDate "2018.10.20"]
[EventType "swiss"]
[EventCountry "NED"]
[SourceTitle "playchess.com"]
[Source "ChessBase"]
[SourceQuality "1"]
[TimeControl "40/5400+30:1800+30"]

{[%evp 11,52,9,14,4,6,-13,0,0,-8,-2,32767,32767,32767,32767,0,-16,-14,-20,-7,-16,-9,-21,-5,-41,-66,-46,-46,-60,32767,-77,-43,-33,-61,-52,32767,32767,32767,-1,0,0,32767,32767,-106]} 1. e4 {[%emt 0:00:00]} e6 {[%emt 0:00:00]} 2. d4 {[%emt 0:00:47]} d5 {[%emt 0:00:00]} 3. exd5 {[%emt 0:00:15]} exd5 {[%emt 0:00:00]} 4. Bd3 {[%emt 0:00:08]} Bd6 {[%emt 0:00:27]} 5. h3 {[%emt 0:01:20]} Ne7 {[%emt 0:01:44]} 6. Nf3 {[%emt 0:00:54]} Bf5 {[%emt 0:01:38]} 7. O-O {[%emt 0:00:26]} O-O {[%emt 0:01:38]} 8. Nc3 {[%emt 0:06:01] C01: French: Exchange Variation} c6 {[%emt 0:01:41]} 9. Re1 {[%emt 0:01:24] LiveBook: 3 Games} Bxd3 {[%emt 0:00:50]} 10. Qxd3 {[%emt 0:00:07]} Nd7 {[%emt 0:03:25]} 11. Bg5 {[%emt 0:01:57]} Re8 {[%emt 0:03:06]} 12. Ne2 $146 {[%emt 0:08:33]} ({Predecessor:} 12. Bxe7 Rxe7 13. Rxe7 Bxe7 14. Re1 Bf8 {½-½ (14) Haba,P (2493)-Blatny,P (2444) Ostrava 2002}) 12... Qc7 {[%emt 0:03:31]} 13. Bh4 {[%emt 0:00:47]} Ng6 {[%emt 0:02:11]} 14. Bg3 {[%emt 0:00:35]} Nf6 {[%emt 0:06:30]} 15. Bxd6 {[%emt 0:06:02]} Qxd6 {[%emt 0:00:08]} 16. Ng3 {[%emt 0:05:04]} Nf4 {[%emt 0:07:50]} 17. Qf5 {[%emt 0:07:23]} g6 {[%emt 0:10:12]} 18. Qg5 {[%emt 0:00:19]} Ne4 {[%emt 0:01:03]} 19. Nxe4 {[%emt 0:23:36]} Rxe4 {[%emt 0:04:48]} 20. c3 {[%emt 0:03:21]} Rae8 {[%emt 0:03:17]} 21. Rxe4 {[%emt 0:04:18]} Rxe4 {[%emt 0:01:05]} 22. Re1 {[%emt 0:02:48]} Qe6 {[%emt 0:08:11]} 23. Rxe4 {[%emt 0:02:57]} Qxe4 {[%emt 0:01:54]} 24. Qf6 {[%emt 0:01:36]} Nd3 {[%emt 0:02:27]} 25. Ne5 $11 {[%emt 0:03:02]} Nxe5 {[%emt 0:02:13]} 26. dxe5 {[%emt 0:00:10]} Qb1+ {[%emt 0:00:55]} 27. Kh2 {[%emt 0:00:05]} Qxb2 {[%emt 0:00:56]} 28. Qd8+ {[%emt 0:00:24]} Kg7 {[%emt 0:00:06]} 29. Qf6+ {[%emt 0:00:29]} Kg8 {[%emt 0:00:18]} 30. Qd8+ {[%emt 0:00:22]} Kg7 {[%emt 0:00:06]} 31. Qf6+ {[%emt 0:00:19]} 1/2-1/2